Report on Andhra Pradesh state council for child welfare (Record no. 500141)

000 -LEADER
fixed length control field 00370cam a22001097a 4500
008 - FIXED-LENGTH DATA ELEMENTS--GENERAL INFORMATION
fixed length control field 180718b1978 xxu||||| |||| 00| 0 eng d
082 ## - DEWEY DECIMAL CLASSIFICATION NUMBER
Classification number K782x5451 An24
245 ## - TITLE STATEMENT
Title Report on Andhra Pradesh state council for child welfare
Statement of responsibility, etc. by Andhra Pradesh Legislature
260 ## - PUBLICATION, DISTRIBUTION, ETC.
Place of publication, distribution, etc. Hyderabad
Name of publisher, distributor, etc. Andhra Pradesh Legislature
Date of publication, distribution, etc. 1978
300 ## - PHYSICAL DESCRIPTION
Extent 194+p.
700 ## - ADDED ENTRY--PERSONAL NAME
Personal name Andhra Pradesh Legislature
Holdings
Withdrawn status Lost status Damaged status Not for loan Permanent Location Current Location Date acquired Full call number Barcode Date last seen Price effective from Koha item type
        Indian Institute of Public Administration Indian Institute of Public Administration 2018-08-04 K782x5451 An24 GG18276 2018-08-04 2018-08-04 GG

Powered by Koha